Economic integration among unequal partners: the case of the andean group

Sábháilte in:
Sonraí bibleagrafaíochta
Príomhchruthaitheoir: Puyana, Alicia
Formáid: Téacs
Foilsithe / Cruthaithe: s.l.: CEESTEM
Clibeanna: Cuir clib leis
Níl clibeanna ann, Bí ar an gcéad duine le clib a chur leis an taifead seo!

MARC

LEADER 00000 a a2200000 04500
001 24573
003
040
090 |a 172300  
100 |a Puyana, Alicia  
245 |a Economic integration among unequal partners: the case of the andean group  
260 |a s.l.:   |b CEESTEM  
300 |a 89 p.  
999 |c 15328  |d 15328